00242nam a22000977a 4500020001500000082001200015245005100027260003700078300000900115650002000124 a0850923131 a331.136 aJobs for young people a way to a better future aLondonbCommenwealth secretariat a141p aChemistryaJobs